Visiting Minds 2013 : Pedagogía radical: El arte como educación (Record no. 831)
[ view plain ]
| 000 -LEADER | |
|---|---|
| campo de control de longitud fija | 01482nam a22002897a 4500 |
| 008 - DATOS DE LONGITUD FIJA--INFORMACIÓN GENERAL | |
| campo de control de longitud fija | 160125b xxu||||| |||| 00| 0 eng d |
| 020 ## - NÚMERO INTERNACIONAL ESTÁNDAR DEL LIBRO | |
| Número Internacional Estándar del Libro | 9789962897439 |
| 082 ## - NÚMERO DE LA CLASIFICACIÓN DECIMAL DEWEY | |
| Número de ítem | V831v |
| Número de clasificación | 707 |
| 100 ## - ENTRADA PRINCIPAL--NOMBRE DE PERSONA | |
| Nombre de persona | Vélez, Humberto |
| 9 (RLIN) | 3749 |
| 245 ## - MENCIÓN DEL TÍTULO | |
| Título | Visiting Minds 2013 : Pedagogía radical: El arte como educación |
| Resto del título | Radical Pedagogy: Arts as Education |
| 260 ## - PUBLICACIÓN, DISTRIBUCIÓN, ETC. | |
| Lugar de publicación, distribución, etc. | Panamá : |
| Nombre del editor, distribuidor, etc. | Sarigua, |
| Fecha de publicación, distribución, etc. | 2015 |
| 300 ## - DESCRIPCIÓN FÍSICA | |
| Extensión | 272 p. |
| Otras características físicas | ill.(some col.) |
| Dimensiones | 26 cm. |
| 505 ## - NOTA DE CONTENIDO CON FORMATO | |
| Título | Visiting Minds 2013: Reseñas = Visiting Minds 2013: Reviews // Orlando Britto, Luis Camnitzer, Emelie Chhangur, Gerardo Mosquera, Margot López |
| -- | Arte y Pedagogía = Art and Pedagogy // Luis Camnitzer |
| -- | Pedagogía radical: los diálogos = Radical pedagogy: The Dialogues |
| -- | El arte en tiempos híbridos = Art in Hybrid Times // Gerardo Mosquera |
| -- | Miss Education (una conversación digit@l) = Miss Education (@ digital conversation) // Jeniffer Brown, Luis Camnitzer, Yomasty Hazlewood, Alfons Hug, Gerardo Mosquera, Adrienne Samos, Humberto Vélez |
| 650 ## - PUNTO DE ACCESO ADICIONAL DE MATERIA--TÉRMINO DE MATERIA | |
| Término de materia o nombre geográfico como elemento de entrada | Arte |
| Subdivisión general | Pedagogía |
| 9 (RLIN) | 4531 |
| 650 ## - PUNTO DE ACCESO ADICIONAL DE MATERIA--TÉRMINO DE MATERIA | |
| Término de materia o nombre geográfico como elemento de entrada | Arte Moderno |
| 9 (RLIN) | 145 |
| 650 ## - PUNTO DE ACCESO ADICIONAL DE MATERIA--TÉRMINO DE MATERIA | |
| Término de materia o nombre geográfico como elemento de entrada | Educación |
| 9 (RLIN) | 4532 |
| 650 ## - PUNTO DE ACCESO ADICIONAL DE MATERIA--TÉRMINO DE MATERIA | |
| Término de materia o nombre geográfico como elemento de entrada | Foro Internacional visiting minds 2013 |
| 9 (RLIN) | 4533 |
| 700 ## - ENTRADA AGREGADA--NOMBRE PERSONAL | |
| Nombre de persona | Britto, Orlando |
| 9 (RLIN) | 4534 |
| 700 ## - ENTRADA AGREGADA--NOMBRE PERSONAL | |
| Nombre de persona | Camnitzer, Luis |
| 9 (RLIN) | 4535 |
| 700 ## - ENTRADA AGREGADA--NOMBRE PERSONAL | |
| Nombre de persona | Chhangur, Emelie |
| 9 (RLIN) | 2928 |
| 700 ## - ENTRADA AGREGADA--NOMBRE PERSONAL | |
| Nombre de persona | Mosquera, Gerardo |
| 9 (RLIN) | 1487 |
| 700 ## - ENTRADA AGREGADA--NOMBRE PERSONAL | |
| Nombre de persona | López, Margot |
| 9 (RLIN) | 4536 |
| 700 ## - ENTRADA AGREGADA--NOMBRE PERSONAL | |
| Nombre de persona | Brown, Jeniffer |
| 9 (RLIN) | 4537 |
| 700 ## - ENTRADA AGREGADA--NOMBRE PERSONAL | |
| Nombre de persona | Hazlewood, Yomasty |
| 9 (RLIN) | 4538 |
| 700 ## - ENTRADA AGREGADA--NOMBRE PERSONAL | |
| Nombre de persona | Hug, Alfons |
| 9 (RLIN) | 4539 |
| 700 ## - ENTRADA AGREGADA--NOMBRE PERSONAL | |
| Nombre de persona | Samos, Adrienne |
| 9 (RLIN) | 3397 |
| Estatus retirado | Estado de pérdida | Fuente del sistema de clasificación o colocación | Estado de daño | No para préstamo | Biblioteca de origen | Biblioteca actual | Ubicación en estantería | Fecha de adquisición | Total de préstamos | Signatura topográfica completa | Código de barras | Visto por última vez | Precio de reemplazo | Tipo de ítem Koha |
|---|---|---|---|---|---|---|---|---|---|---|---|---|---|---|
| Clasificación Decimal Dewey | Biblioteca LadoV | Biblioteca LadoV | 25/01/2016 | 707 V831v | 004092 | 25/01/2016 | 25/01/2016 | Material 01 |
